LEADER 01057nam--2200349---450 001 990002017580203316 005 20200427080948.0 010 $a88-7748-127-7 035 $a000201758 035 $aUSA01000201758 035 $a(ALEPH)000201758USA01 035 $a000201758 100 $a20040922d1993----km-y0itay0103----ba 101 0 $aita 102 $aIT 105 $a||||||||001yy 200 1 $aAl lavoro con Grotowski sulle azioni fisiche$econ una prefazione e il saggio Dalla compagnia teatrale a l'arte come veicolo di Jerzy Grotowski$fThomas Richards 210 $aMilano$cUbulibri$d1993 215 $a141 p.$d22 cm 225 2 $a<> libri bianchi 410 0$12001$a<> libri bianchi 606 0 $aArte 676 $a792.01 700 1$aRICHARDS,$bThomas$0472456 702 1$aGROTOWSKI,$bThomas 801 0$aIT$bsalbc$gISBD 912 $a990002017580203316 951 $aXVII A. 1318$b11 DLAS$cXVII A.$d00348830 959 $aBK 969 $aCAS 996 $aAl lavoro con Grotowski sulle azioni fisiche$9818811 997 $aUNISA LEADER 01253nam0 22003131i 450 001 UON00228595 005 20231205103450.46 010 $a88-8319-448-9 100 $a20030730d2000 |0itac50 ba 101 $aita 102 $aIT 105 $a|||| ||||| 200 1 $aA un unico lettore$ecolloqui sul teatro$fAnatolij Vasil'ev$ga cura di Alessio Bergamo 205 $aRoma : Bulzoni$b2000 210 $aIII$d456 p., 8 c. di tav. ; 22 cm.Traduzione dal russo di Alessio Bergamo 215 $aTit. orig.$cEdinstvennomu Citatelju. 410 1$1001UON00003845$12001 $aBiblioteca Teatrale$v108 606 $aTeatro$xStudi$3UONC038909$2FI 620 $aIT$dRoma$3UONL000004 676 $a792.01$cRappresentazioni sceniche. Filosofia, teoria, estetica$v21 700 1$aVASIL'EV$bAnatolij$3UONV138589$0686938 702 1$aBERGAMO$bAlessio$3UONV138590 712 $aBulzoni$3UONV265597$4650 801 $aIT$bSOL$c20250725$gRICA 899 $aSIBA - SISTEMA BIBLIOTECARIO DI ATENEO$2UONSI 912 $aUON00228595 950 $aSIBA - SISTEMA BIBLIOTECARIO DI ATENEO$dSI Teat 792 A VAS $eSI LO 67462 5 996 $aA un unico lettore$91271893 997 $aUNIOR